Fisiología renal y metabolismo hidrosalino /

Detalles Bibliográficos
Autores principales: Gallardo, Pedro A. (Autor), Vio Lagos, Carlos P. (Autor)
Formato: Electrónico eBook
Lenguaje:español
Publicado: Santiago, Chile : Ediciones UC, [2018]
Edición:Segunda edición.
Materias:
Acceso en línea:Digitalia Hispánica

MARC

LEADER 00000nam a2200000Ii 4500
001 DIGUCCH0235
003 NyNyDIG
006 m o d
007 cr |||||||||||
008 250801s2018 cl a ob 000 0 spa d
035 |a (OCoLC)1108822321 
040 |a DGITA  |b eng  |e rda  |e pn  |c DGITA 
020 |a 9789561422643  |q edición digital 
020 |z 9789561422605  |q edición impresa 
050 1 4 |a QP249 ebook 
100 1 |a Gallardo, Pedro A.,  |e author. 
245 1 0 |a Fisiología renal y metabolismo hidrosalino /  |c Pedro A. Gallardo, Carlos P. Vio. 
250 |a Segunda edición. 
264 1 |a Santiago, Chile :  |b Ediciones UC,  |c [2018] 
300 |a 1 online resource :  |b illustrations. 
336 |a text  |b txt  |2 rdacontent 
337 |a computer  |b c  |2 rdamedia 
338 |a online resource  |b cr  |2 rdacarrier 
347 |a text file  |2 rdaft 
347 |b EPUB 
504 |a Includes bibliographical references. 
588 0 |a Online resource; title from ePub title page (Digitalia, viewed August 1, 2025) 
650 0 |a Kidneys  |x Physiology. 
650 0 |a Water-electrolyte balance (Physiology) 
700 1 |a Vio Lagos, Carlos P.,  |e author. 
776 0 8 |i Print version:  |a Gallardo, Pedro A.  |t Fisiología renal y metabolismo hidrosalino.  |b Segunda edición.  |d Santiago, Chile : Ediciones UC, [2018]  |z 9789561422605 
791 2 |a Digitalia (Firm),  |e distributor. 
793 0 |g Digitalia eBook Collection:  |a Universidad Católica de Chile 
856 4 0 |3 Digitalia Hispánica  |u https://www.digitaliapublishing.com/a/175534/ 
910 |a Premium collection: 2025